| 000 | 00474cam a22001577a 4500 | ||
|---|---|---|---|
| 008 | 180718b1995 xxu||||| |||| 00| 0 eng d | ||
| 020 | _a925103673X | ||
| 082 | _aY74x54 Su35 | ||
| 100 | _aSugunan, V.V. | ||
| 245 |
_aReservoir fisheries of India _cby V.V. Sugunan |
||
| 260 |
_aRome _bFood and Agriculture Organization _c1995 |
||
| 300 | _a423p. | ||
| 440 | _aFAO Fisheries Technical Paper 345 | ||
| 650 | _aFisheries - India | ||
| 700 | _aFood and Agriculture Organization | ||
| 999 |
_c487208 _d487208 |
||